000 00516nam a2200205 a 4500
999 _c4196
_d4196
001 4196
003 BD-JhCC
005 20180208101014.0
008 171123s1962 pk |||| |||| 000 0 eng d
035 _a(BD-JhCC)
040 _aBD-JhCC
_dBD-JhCC
041 _aeng
082 _a954.025
_bWHY 1962
100 _aWhyte, Ruth
245 _aGreat Moghuls /
_cRuth Whyte
260 _aPakistan :
_bOxford University Press, Karachi;
_c1962
300 _a73 p.;
_c16 cm
650 _aMoghul empire
_zIndia
942 _2ddc
_cBK